02056cam a2200373 i 45000010009000000050017000090080041000260100017000670200018000840350013001020400028001150420008001430500021001510820015001721000041001872450137002282500019003652640031003843000029004153360026004443370028004703380027004985000059005255000020005845200619006045460015012236500020012387000043012589060045013019420012013469990019013589520160013779520145015371939361320250821104750.0161202s2018 nyu 001 0 eng  a 2016054568 a9781292213316 a19393613 aDLCbengcDLCerdadDLC apcc00aHB172b.P53 201800a338.5bPIN1 aPindyck, Robert S.,eauthor.913037610aMicroeconomics /cRobert S. Pindyck, Massachusetts Institute of Technology, Daniel L. Rubinfeld, University of California, Berkeley. aNinth edition. 1aNY, NY :bPearson,c[2018] axxii, 759 pages ;c27 cm atextbtxt2rdacontent aunmediatedbn2rdamedia avolumebnc2rdacarrier aRevised edition of the authors' Microeconomics, c2013. aIncludes index. aMicroeconomics, Global Edition (9th Edition) by Robert Pindyck and Daniel Rubinfeld is a contemporary intermediate-level microeconomics textbook published by Pearson (International). It offers a clear, accessible, and engaging introduction to microeconomic theory and its practical applications, emphasizing topics like game theory, competitive strategy, uncertainty, information economics, and market power. The text empowers students to understand how microeconomic tools can inform real-world business decisions and public policy, enhanced with global examples and updated analyses for modern economic contexts. aIn English 0aMicroeconomics.1 aRubinfeld, Daniel L.,eauthor.9130377 a7bcbccorignewd1eecipf20gy-gencatlg 2ddccBK c614545d614545 00102ddc4070aNSHSbNSHScGENd2025-08-08eAllied Book Companyg29421.00l2o338.5 PINpNSHS-2106r2026-03-02s2026-03-02tc.1v58842.00w2025-08-08yBK 00102ddc4070aNSHSbNSHScGENd2025-08-08eAllied Book Companyg29421.00o338.5 PINpNSHS-2107r2026-02-03tc.2v58842.00w2025-08-08yBK